Control System Design : (Record no. 5106)

MARC details
000 -LEADER
fixed length control field 00583nam a22002057a 4500
003 - CONTROL NUMBER IDENTIFIER
control field OSt
005 - DATE AND TIME OF LATEST TRANSACTION
control field 20160830144151.0
008 - FIXED-LENGTH DATA ELEMENTS--GENERAL INFORMATION
fixed length control field 160816b xxu||||| |||| 00| 0 eng d
020 ## - INTERNATIONAL STANDARD BOOK NUMBER
International Standard Book Number 9780486442785
020 ## - INTERNATIONAL STANDARD BOOK NUMBER
International Standard Book Number 0486442780
040 ## - CATALOGING SOURCE
Transcribing agency DDC.
082 ## - DEWEY DECIMAL CLASSIFICATION NUMBER
Classification number 003.5FRI 2005;
100 ## - MAIN ENTRY--PERSONAL NAME
Personal name Friedland,Bernard;
9 (RLIN) 10688
245 ## - TITLE STATEMENT
Title Control System Design :
Remainder of title An Introduction to State-Space Methods.
260 ## - PUBLICATION, DISTRIBUTION, ETC. (IMPRINT)
Place of publication, distribution, etc. New York;
Name of publisher, distributor, etc. McGraw-Hill.
Date of publication, distribution, etc. 2005.
300 ## - PHYSICAL DESCRIPTION
Extent xiv,513p;
Other physical details ill;
Dimensions 24cm.
504 ## - BIBLIOGRAPHY, ETC. NOTE
Bibliography, etc Includes References and Index.
650 ## - SUBJECT ADDED ENTRY--TOPICAL TERM
Topical term or geographic name as entry element System Control.
9 (RLIN) 9603
942 ## - ADDED ENTRY ELEMENTS (KOHA)
Source of classification or shelving scheme Dewey Decimal Classification
Koha item type Open Shelf
Holdings
Withdrawn status Lost status Source of classification or shelving scheme Damaged status Not for loan Home library Current library Date acquired Source of acquisition Inventory number Total Checkouts Full call number Barcode Date last seen Price effective from Koha item type
    Dewey Decimal Classification     MUST Main Library MUST Main Library 30/08/2016   11/33869   003.5FRI 2005; 2016-3929 30/08/2016 30/08/2016 Open Shelf